Z Challenge - Random Questions - Statistics

General Stats
  • This quiz has been taken 69 times
  • The average score is 11 of 15
Answer Stats
Hint Answer % Correct
An animal similar to horses but with black and white stripes Zebra
100%
This element is number 30 and helps with your metabolism Zinc
94%
The creator of Facebook (Meta as it's now called) Mark Zuckerberg
89%
At one point, this country had 100 trillion dollar bills in circulation Zimbabwe
85%
The largest city in Switzerland Zürich
83%
A type of Buddhism, often slang for being in a relaxed state Zen
81%
Someone who studies animals, both wild or in captivity Zoologist
81%
Former name for the Democratic Republic of the Congo Zaire
76%
The largest ethnic group/nation in South Africa Zulu
74%
To destroy or obliterate, commonly associated with electricity Zap
70%
A type of rigid airship, like a blimp but with an internal framework Zeppelin
69%
A "new" pacific island country is named after this Dutch province Zeeland
65%
An archipelago off the coast of Tanzania Zanzibar
63%
Great enthusiasm and energy Zest
46%
One of the 12 Minor Prophets in the Old Testament of the Bible Zephaniah or Zechariah
20%
No matching quizzes found
Score Distribution
Percent of People with Each Score
Percentile by Number Answered
Your Score History
You have not taken this quiz